000 00550nam a2200229Ia 4500
003 OSt
005 20221005121014.0
006 a|||||r|||| 00| 0
007 ta
008 221004b |||||||| |||| 00| 0 san d
024 _a58582
037 _cTextual
040 _aCRL
_cCRL
_bsan
041 _2san
_asan
082 _aV2:25xM69w, 15J6
100 _aCharudev
_963243
245 0 _aGandhi charitam
260 _c1956
650 _aHISTORY
942 _hV2:25xM69w, 15J6
_cTEXL
_2cc
999 _c1039819
_d1039819